000 00513nam a2200181Ia 4500
003 OSt
005 20201118154527.0
008 190216s9999||||xx |||||||||||||| ||und||
020 _a9788176494243
040 _coclc
082 _a530.132
_bMCQ/S
100 _aMcquarrie, Donald A
_94205
245 0 _aStatistical Mechanics /
_cDonald A Mcquarrie
260 _bViva Books,
_aNew Delhi:
_c2003.
300 _a641p
650 _aPhysics
942 _cBK
_2ddc
_h530.132
_iMCQ/S
_k530.132
_mMCQ/S
999 _c33949
_d33949